000 00398nam a2200121 4500
008 180213b xxu||||| |||| 00| 0 eng d
100 _926407
_aEnriquez, Marge C.
245 _aNew generation of dancers try to acquire the old ballet Philippines DNA/
_cMarge C. Enriquez
260 _aPhilippines
_bPhilippine Daily Inquirer
_cc2017
300 _apage D6.
650 0 _926408
_aDance.
942 _2ddc
_cPER
999 _c8590
_d8590